[Event "Belgrade-chT Quality"]
[Site "Belgrade"]
[Date "2019.10.30"]
[Round "10.6"]
[White "Milicevic, Aleksa"]
[Black "Cosovic, Ivan"]
[Result "1-0"]
[WhiteElo "2130"]
[BlackElo "1948"]
[PlyCount "75"]
[EventDate "2019.10.05"]
[EventType "team-tourn"]
[EventRounds "11"]
[EventCountry "SRB"]
[SourceTitle "EXT 2022"]
[Source "ChessBase"]
[SourceDate "2021.10.06"]
[SourceVersion "1"]
[SourceVersionDate "2021.10.06"]
[SourceQuality "1"]
[WhiteTeam "Belgrade Politika"]
[BlackTeam "BASK"]
[WhiteTeamCountry "SRB"]
[BlackTeamCountry "SRB"]

1. d4 Nf6 2. Nf3 e6 3. c4 Bb4+ 4. Nbd2 d6 5. e3 Qe7 6. Be2 0-0 7. a3 Bxd2+ 8. Bxd2 e5 9. dxe5 dxe5 10. Bc3 Nc6 11. 0-0 Ne4 12. Be1 Bf5 13. b4 a5 14. b5 Rfd8 15. Qc1 Nb8 16. Qb2 Nd7 17. Rd1 f6 18. Nh4 Be6 19. Qc2 f5 20. f3 Nef6 21. Nxf5 Qxa3 22. Bf2 Qf8 23. Ng3 Nc5 24. Rxd8 Rxd8 25. Qc3 e4 26. Nxe4 Ncxe4 27. fxe4 Qc5 28. Bf3 Qxc4 29. Qxa5 Qc2 30. Bh4 Rd2 31. Qa8+ Kf7 32. e5 Bc4 33. Bh5+ Ke6 34. Qc8+ Kxe5 35. Qxc7+ Ke4 36. Bf3+ Kd3 37. Be1 Re2 38. Qd6+ 1-0

[Event "Belgrade-chT"]
[Site "Belgrade"]
[Date "2017.10.08"]
[Round "3.4"]
[White "Cosovic, Ivan"]
[Black "Milenkovic, Aleksandar"]
[Result "0-1"]
[WhiteElo "2002"]
[BlackElo "2059"]
[PlyCount "90"]
[EventDate "2017.10.01"]
[EventType "team-tourn"]
[EventRounds "11"]
[EventCountry "SRB"]
[SourceTitle "CBM 181 Extra"]
[Source "ChessBase"]
[SourceDate "2017.12.12"]
[SourceVersion "1"]
[SourceVersionDate "2017.12.12"]
[SourceQuality "1"]
[WhiteTeam "BASK"]
[BlackTeam "Vidikovac"]
[WhiteTeamCountry "SRB"]
[BlackTeamCountry "SRB"]

1. e4 c5 2. Nc3 e6 3. g3 Nc6 4. Bg2 Nge7 5. d3 d5 6. exd5 exd5 7. Bg5 Be6 8. Nge2 f6 9. Bf4 Ng6 10. 0-0 d4 11. Ne4 Be7 12. Qd2 0-0 13. Rae1 Bd5 14. f3 f5 15. Nf2 Bf6 16. h4 Re8 17. Nh3 b5 18. h5 Nge5 19. h6 g6 20. Bg5 Bxg5 21. Nxg5 c4 22. Nc1 Rc8 23. g4 fxg4 24. f4 Nf3+ 25. Nxf3 gxf3 26. Rxe8+ Qxe8 27. Bxf3 Bxf3 28. Rxf3 Rc7 29. dxc4 bxc4 30. Qe2 Qxe2 31. Nxe2 Rd7 32. a3 Ne7 33. c3 d3 34. Nd4 d2 35. Rf1 Nf5 36. Rd1 Nxd4 37. cxd4 Rxd4 38. Kg2 Kf7 39. Kf3 Ke6 40. Ke3 Kd5 41. a4 Rd3+ 42. Ke2 Ke4 43. a5 Re3+ 44. Kf2 Kd3 45. Ra1 Re6 0-1

[Event "Belgrade-chT Quality"]
[Site "Belgrade"]
[Date "2016.10.09"]
[Round "4.1"]
[White "Cosovic, Ivan"]
[Black "Landup, Darko"]
[Result "0-1"]
[WhiteElo "2024"]
[BlackElo "2084"]
[PlyCount "78"]
[EventDate "2016.10.01"]
[EventType "team-tourn"]
[EventRounds "11"]
[EventCountry "SRB"]
[SourceTitle "EXT 2018"]
[Source "ChessBase"]
[SourceDate "2017.10.13"]
[SourceVersion "1"]
[SourceVersionDate "2017.10.13"]
[SourceQuality "1"]

1. e4 e6 2. d4 d5 3. Nc3 Bb4 4. exd5 exd5 5. Qf3 Qe7+ 6. Nge2 Nc6 7. Qxd5 Nf6 8. Qb5 a6 9. Qd3 Bg4 10. Bg5 0-0-0 11. f3 Be6 12. 0-0-0 Ne5 13. dxe5 Rxd3 14. cxd3 Qc5 15. d4 Qa5 16. Bxf6 gxf6 17. d5 Bf5 18. g4 Bg6 19. f4 h5 20. Bh3 hxg4 21. Bxg4+ Kd8 22. e6 f5 23. Bf3 Rh3 24. Rhf1 Rxh2 25. Rh1 Rxh1 26. Rxh1 Qc5 27. Rh3 Qf2 28. Nd1 Qf1 29. Rh8+ Ke7 30. Nd4 Bc5 31. exf7 Kxf7 32. Ne6 Be7 33. Bh1 Bd6 34. Rh4 b5 35. Kd2 Bb4+ 36. Kc1 Qc4+ 37. Nc3 Be7 38. Rh3 b4 39. b3 Qf1+ 0-1

[Event "Belgrade-chT"]
[Site "Belgrade"]
[Date "2014.11.05"]
[Round "13"]
[White "Mikicic, Dusan"]
[Black "Cosovic, Ivan"]
[Result "1-0"]
[WhiteElo "2163"]
[BlackElo "2059"]
[PlyCount "81"]
[EventDate "2014.10.04"]
[EventType "team-tourn"]
[EventRounds "13"]
[EventCountry "SRB"]
[SourceTitle "EXT 2015"]
[Source "ChessBase"]
[SourceDate "2014.11.20"]
[SourceVersion "1"]
[SourceVersionDate "2014.11.20"]
[SourceQuality "1"]

1. e4 c5 2. Nf3 e6 3. b3 b6 4. Bb2 Bb7 5. Nc3 Nf6 6. d3 Be7 7. Be2 0-0 8. 0-0 d5 9. Nd2 Nc6 10. f4 Nd4 11. e5 Nxe2+ 12. Qxe2 Nd7 13. Nf3 Re8 14. Rae1 Nf8 15. g3 Rc8 16. Rd1 a6 17. Nb1 b5 18. Nbd2 Qa5 19. Ra1 c4 20. bxc4 bxc4 21. Bd4 Qa3 22. Rfb1 Bc6 23. dxc4 dxc4 24. c3 Nd7 25. h4 Nc5 26. Nxc4 Qa4 27. Nb6 Qa5 28. Nxc8 Rxc8 29. Kh2 Na4 30. Rc1 Qd5 31. Nd2 h6 32. Nb3 Bb5 33. Qg2 Qc4 34. Na5 Qc7 35. c4 Be8 36. Nb3 Bc6 37. Qf2 g5 38. fxg5 hxg5 39. Rf1 Rf8 40. Qe3 Kg7 41. Rf6 1-0

[Event "Belgrade-chT"]
[Site "Belgrade"]
[Date "2014.10.26"]
[Round "8"]
[White "Galiot, Goran"]
[Black "Cosovic, Ivan"]
[Result "1-0"]
[WhiteElo "2318"]
[BlackElo "2059"]
[PlyCount "49"]
[EventDate "2014.10.04"]
[EventType "team-tourn"]
[EventRounds "13"]
[EventCountry "SRB"]
[SourceTitle "EXT 2015"]
[Source "ChessBase"]
[SourceDate "2014.11.20"]
[SourceVersion "1"]
[SourceVersionDate "2014.11.20"]
[SourceQuality "1"]

1. d4 Nf6 2. c4 e5 3. dxe5 Ng4 4. e4 h5 5. Be2 Nxe5 6. a3 Nbc6 7. Nf3 d6 8. 0-0 Nxf3+ 9. Bxf3 Be6 10. Be2 Qf6 11. Nc3 0-0-0 12. Be3 g5 13. Nd5 Qg6 14. b4 Kb8 15. b5 Ne5 16. Qa4 b6 17. Nxc7 Qxe4 18. Na6+ Kc8 19. Nb4 Rd7 20. Nc6 Nxc6 21. Bf3 Qxc4 22. Qa6+ Kb8 23. Bxc6 Rc7 24. Bxb6 Rxc6 25. Qxa7+ 1-0

[Event "Belgrade-chT"]
[Site "Belgrade"]
[Date "2014.10.25"]
[Round "7"]
[White "Nonkovic, Bogdana"]
[Black "Cosovic, Ivan"]
[Result "1/2-1/2"]
[WhiteElo "2061"]
[BlackElo "2059"]
[PlyCount "66"]
[EventDate "2014.10.04"]
[EventType "team-tourn"]
[EventRounds "13"]
[EventCountry "SRB"]
[SourceTitle "EXT 2015"]
[Source "ChessBase"]
[SourceDate "2014.11.20"]
[SourceVersion "1"]
[SourceVersionDate "2014.11.20"]
[SourceQuality "1"]

1. Nf3 Nf6 2. c4 e6 3. g3 d5 4. d4 dxc4 5. Qa4+ c6 6. Qxc4 Be7 7. Bg2 Nbd7 8. 0-0 0-0 9. Rd1 e5 10. Nc3 exd4 11. Nxd4 Ne5 12. Qb3 Qc7 13. Bf4 Nh5 14. Be3 Ng4 15. Bd2 Rd8 16. Be1 g6 17. Rac1 Qb6 18. Na4 Qxb3 19. Nxb3 Ng7 20. Na5 Ne5 21. Bc3 Nd7 22. Rd2 Ne6 23. Rcd1 Nb6 24. Rxd8+ Nxd8 25. Nc5 Nd5 26. Bxd5 cxd5 27. Nd3 f6 28. Nb4 Bxb4 29. Bxb4 Nc6 30. Bc3 Nxa5 31. Bxa5 Be6 32. Rc1 Rc8 33. Rxc8+ Bxc8 1/2-1/2

[Event "Belgrade-chT"]
[Site "Belgrade"]
[Date "2014.10.11"]
[Round "3"]
[White "Jakovljevic, Zivota"]
[Black "Cosovic, Ivan"]
[Result "1-0"]
[WhiteElo "2068"]
[BlackElo "2059"]
[PlyCount "69"]
[EventDate "2014.10.04"]
[EventType "team-tourn"]
[EventRounds "13"]
[EventCountry "SRB"]
[SourceTitle "EXT 2015"]
[Source "ChessBase"]
[SourceDate "2014.11.20"]
[SourceVersion "1"]
[SourceVersionDate "2014.11.20"]
[SourceQuality "1"]

1. d4 Nf6 2. c4 e5 3. dxe5 Ng4 4. Nf3 Bc5 5. e3 Nc6 6. Nc3 0-0 7. Be2 Re8 8. b3 Ncxe5 9. Nxe5 Nxe5 10. Bb2 a5 11. 0-0 Ra6 12. Na4 Ba7 13. c5 Rh6 14. g3 d6 15. Qd2 Bh3 16. Rfe1 Qa8 17. f4 b5 18. Bd1 Nd3 19. Re2 Nxf4 20. Rf2 Nd5 21. Bf3 c6 22. Nb6 Bxb6 23. cxb6 Nxe3 24. Qc3 Re5 25. Qxc6 Qb8 26. Bxe5 dxe5 27. Qc7 Rxb6 28. Qxb8+ Rxb8 29. Re2 Ng4 30. Bxg4 Bxg4 31. Rxe5 Be6 32. Rc1 a4 33. bxa4 bxa4 34. a3 Rb2 35. Rc8+ 1-0

[Event "Belgrade City-chT"]
[Site "Belgrade"]
[Date "2013.11.09"]
[Round "5"]
[White "Jakovljevic, Zivota"]
[Black "Cosovic, Ivan"]
[Result "0-1"]
[WhiteElo "2137"]
[BlackElo "2023"]
[PlyCount "118"]
[EventDate "2013.10.26"]
[EventType "team-tourn"]
[EventRounds "11"]
[EventCountry "SRB"]
[SourceTitle "EXT 2015"]
[Source "ChessBase"]
[SourceDate "2014.11.20"]
[SourceVersion "1"]
[SourceVersionDate "2014.11.20"]
[SourceQuality "1"]

1. d4 Nf6 2. c4 e5 3. dxe5 Ng4 4. Nf3 Bc5 5. e3 Nc6 6. a3 a5 7. b3 0-0 8. Be2 Re8 9. Nc3 Ngxe5 10. Bb2 Nxf3+ 11. Bxf3 Ne5 12. Be2 Ra6 13. Na4 Ba7 14. c5 Rh6 15. Qd2 Qg5 16. g3 Ng4 17. h4 Nxe3 18. Bd4 Qd5 19. Bxe3 Qxh1+ 20. Bf1 Qf3 21. Be2 Qh1+ 22. Bf1 b5 23. cxb6 Bxb6 24. Nxb6 Rxb6 25. 0-0-0 Rxb3 26. Bc4 Qc6 27. Qc2 Rb8 28. Bc5 Ba6 29. Bd5 Qg6 30. Qxg6 hxg6 31. Be3 c6 32. Bf3 d5 33. Rd4 Bc4 34. Bd1 c5 35. Rd2 d4 36. Bf4 Rb6 37. Ba4 Re1+ 38. Rd1 Rxd1+ 39. Bxd1 Ba2 40. Bc2 c4 41. Bc7 Ra6 42. Kb2 Ra7 43. Be5 d3 44. Bd1 Bb3 45. Bg4 d2 46. Bd4 Rd7 47. Bc3 d1Q 48. Bxd1 Rxd1 49. Bxa5 Kf8 50. Bb6 Rd3 51. Ba5 Ke8 52. Bb6 Kd7 53. Ba5 Kc6 54. Be1 Kd5 55. Ba5 Ke4 56. Bb6 Ba4 57. Bc5 c3+ 58. Kb1 Rd1+ 59. Ka2 c2 0-1

[Event "Belgrade City-chT"]
[Site "Belgrade"]
[Date "2013.11.03"]
[Round "4"]
[White "Cosovic, Ivan"]
[Black "Nikolic, Radisa S"]
[Result "1-0"]
[WhiteElo "2023"]
[BlackElo "2183"]
[PlyCount "73"]
[EventDate "2013.10.26"]
[EventType "team-tourn"]
[EventRounds "11"]
[EventCountry "SRB"]
[SourceTitle "EXT 2015"]
[Source "ChessBase"]
[SourceDate "2014.11.20"]
[SourceVersion "1"]
[SourceVersionDate "2014.11.20"]
[SourceQuality "1"]

1. e4 e5 2. Nf3 Nc6 3. Bc4 Nf6 4. Ng5 d5 5. exd5 Na5 6. Bb5+ c6 7. dxc6 bxc6 8. Bd3 Nd5 9. Nf3 Nf4 10. Bf1 Bd6 11. Nc3 0-0 12. d4 e4 13. Ne5 Qg5 14. g3 Bxe5 15. dxe5 Rd8 16. Qe2 Nxe2 17. Bxg5 f6 18. exf6 gxf6 19. Bxf6 Rf8 20. Bxe2 Rxf6 21. b4 Nb7 22. Nxe4 Rf8 23. 0-0 a5 24. a3 Bf5 25. f3 Bxe4 26. fxe4 Rfe8 27. Bc4+ Kh8 28. Bd3 Nd6 29. bxa5 Rxa5 30. Rf6 Nxe4 31. Rxc6 Nc5 32. Bc4 Re4 33. Bd5 Re2 34. Rf1 Re8 35. Rf7 Na6 36. c4 Kg8 37. Ra7+ 1-0

[Event "Belgrade City-chT"]
[Site "Belgrade"]
[Date "2013.11.02"]
[Round "3"]
[White "Cosovic, Ivan"]
[Black "Petrovic, Zoran"]
[Result "1-0"]
[WhiteElo "2023"]
[BlackElo "2165"]
[PlyCount "61"]
[EventDate "2013.10.26"]
[EventType "team-tourn"]
[EventRounds "11"]
[EventCountry "SRB"]
[SourceTitle "EXT 2015"]
[Source "ChessBase"]
[SourceDate "2014.11.20"]
[SourceVersion "1"]
[SourceVersionDate "2014.11.20"]
[SourceQuality "1"]

1. e4 e5 2. Nf3 Nc6 3. Bc4 Nf6 4. Ng5 d5 5. exd5 b5 6. Bf1 Qxd5 7. Nc3 Qd8 8. Bxb5 Bb7 9. Qe2 Nd7 10. Nxf7 Kxf7 11. Bxc6 Bxc6 12. Qc4+ Kg6 13. Qxc6+ Nf6 14. 0-0 Bd6 15. d3 Rb8 16. Ne4 Rb6 17. Qc3 Qd7 18. f4 exf4 19. Nxd6 cxd6 20. Qd4 Rc8 21. c4 d5 22. c5 Rb5 23. b4 a5 24. a3 Qb7 25. Rxf4 Qa7 26. Bb2 Rc6 27. Qe5 Qd7 28. Re1 Rb7 29. Bc3 axb4 30. axb4 Ra7 31. b5 1-0

[Event "SRB-chT3 North CS"]
[Site "Serbia"]
[Date "2012.09.22"]
[Round "2.1"]
[White "Cosovic, Ivan"]
[Black "Simic, Dragan1111"]
[Result "0-1"]
[WhiteElo "2053"]
[BlackElo "2051"]
[PlyCount "58"]
[EventDate "2012.09.21"]
[EventType "team"]
[EventRounds "10"]
[EventCountry "SRB"]
[SourceTitle "EXT 2015"]
[Source "ChessBase"]
[SourceDate "2014.11.20"]
[SourceVersion "1"]
[SourceVersionDate "2014.11.20"]
[SourceQuality "1"]

1. e4 c5 2. Nc3 e6 3. g3 a6 4. Bg2 Nc6 5. f4 b5 6. Nf3 d5 7. 0-0 d4 8. Ne2 Bb7 9. d3 Nf6 10. h3 Be7 11. g4 h6 12. Ng3 Qc7 13. e5 Nd5 14. Qe1 0-0-0 15. c3 dxc3 16. bxc3 g5 17. f5 Nf4 18. Bxf4 gxf4 19. f6 Bxf6 20. Nh5 Bxe5 21. Nxe5 Nxe5 22. Bxb7+ Kxb7 23. Qe4+ Kb6 24. Nxf4 Nxd3 25. a4 Nxf4 26. Rxf4 Rd2 27. a5+ Ka7 28. Raf1 Kb8 29. R1f3 Rhd8 0-1